000
00202 a2200097 4500
001
2972
100
_a
Gittwitt P
245
_a
Conceptual physics
260
_a
_b
Harper collins
_c
090
_c
2262
_d
2262
942
_a
NUST-CAE
_c
M
_c
14025
999
_c
238045
_d
238045